000 00422nam a2200181Ia 4500
001 2590
005 20260306144818.0
008 260306t2008||||xx |||||||||||||| ||spa||
041 _aESP
082 _a616.89156
_bO74
100 _aOrtiz , Dorys
_eAUT
245 0 _aLa terapia familiar sistémica
260 _c2008
300 _a333 páginas :
_c24 cm.
650 _aGEN
654 _aCPS
942 _cLIB
_dJUS
_fJUS
_2ddc
_n
999 _c2590
_d2590